000 00771nam a2200253 a 4500
001 BRCA_6663
005 20190320205540.0
008 121011c1909----u--abo####---#000-0#eng-#
041 _aeng
044 _au
050 4 _aG138
_b.G76 1909
245 1 0 _aScenes from every land
_cedited by Gilbert H. Grosvenor.
260 _aWashington, D. C.
_bNational Geographic Society
_c1909
300 _a223 p.
_bil. (algunas a color), mapas, fotografías
_c26 cm.
500 _aEdición con cantos dorados
500 _aEjemplar igual a P150
500 _aL180
504 _aBibliografía: p. 211-223
650 1 4 _aVistas
_916678
650 1 4 _aGrupos étnicos
_916679
710 2 _aNational Geographic Society (Washington, D. C.)
_916680
902 _aGFM
942 _2lcc
_cB
999 _c6347
_d6347